Lyrics raten #42 - Statistics

General Stats
  • This quiz has been taken 14 times
  • The average score is 273 of 499
Answer Stats
Answer % Correct
er
100%
du
91%
Du
91%
es
91%
Ich
91%
ich
91%
ist
91%
ist?
91%
ist,
91%
sie
91%
Das
82%
das
82%
das,
82%
dein
82%
der
82%
der,
82%
die
82%
Die
82%
Mein
82%
mein
82%
n
82%
so
82%
so,
82%
auf
73%
auf,
73%
bin,
73%
bin
73%
Bis
73%
bist
73%
deine
73%
den
73%
dir
73%
geh
73%
Geld,
73%
hab
73%
mir
73%
ne
73%
was
73%
wie
73%
Wie
73%
zu
73%
zu,
73%
ab
64%
ab,
64%
Bahn
64%
dich
64%
ein
64%
eine
64%
Fick
64%
Frauen,
64%
geht
64%
haben
64%
hat
64%
ihr
64%
im
64%
meine
64%
Meine
64%
meiner
64%
mich
64%
mich,
64%
mit
64%
nicht
64%
nicht,
64%
nichts
64%
scheiss
64%
und
64%
Und
64%
und?
64%
wenn
64%
Wenn
64%
Wer
64%
wir
64%
Abneigung
55%
als
55%
dass
55%
dem
55%
Denn
55%
denn
55%
drauf,
55%
egal,
55%
einfach
55%
fahren
55%
für
55%
geb
55%
gegen
55%
hatte
55%
immer
55%
Immer
55%
immernoch
55%
in
55%
kann
55%
kein
55%
Lehrer
55%
Man
55%
Mathe
55%
musst
55%
Mutter
55%
na
55%
nie
55%
prächtig
55%
richtig
55%
schon
55%
schön
55%
sein
55%
sein,
55%
Spass
55%
wär
55%
weg
55%
all
45%
alles
45%
auch
45%
aus
45%
Besseres
45%
Drogen
45%
Eltern
45%
gewarnt
45%
Gib
45%
hab’s
45%
ihm
45%
ja,
45%
Leben
45%
leben
45%
mache?
45%
machen
45%
Mann,
45%
oder
45%
sagt,
45%
sagt
45%
schlecht
45%
schlechtes
45%
Sechs
45%
viele
45%
vor
45%
Vorbild,
45%
Warum
45%
weggenommen,
45%
wie’s
45%
wovor
45%
zum
45%
an
36%
bedeutet
36%
dann
36%
Doch
36%
doch
36%
einen
36%
Freund,
36%
Gesetz
36%
gut
36%
habt
36%
hässlich
36%
high
36%
Kind
36%
Kind,
36%
Konzept,
36%
Körper
36%
lass
36%
los,
36%
mach’s
36%
mehr
36%
mutiere
36%
nach,
36%
nach
36%
nehm
36%
ohne
36%
Pass
36%
Philosophen
36%
Scheissegal,
36%
Seid
36%
seid
36%
tue
36%
tun
36%
von
36%
Weil
36%
abgehoben,
27%
anzufassen
27%
aufpassen
27%
auseinander
27%
behalt
27%
bei
27%
bereut
27%
betrachte
27%
bleib
27%
brav
27%
deins
27%
echte
27%
eh
27%
ehrlich
27%
ehrlich,
27%
euer
27%
Feuer
27%
Fiack
27%
geben,
27%
gefährlich
27%
Gefühl,
27%
gekifft
27%
gerne
27%
Handy
27%
haut
27%
heimlich
27%
heiss
27%
hier
27%
Homeboy,
27%
hör
27%
ich’s
27%
Idioten
27%
ihre
27%
jung
27%
keinem
27%
Kinder
27%
klein,
27%
kommen
27%
Laden
27%
langweilig,
27%
Loch,
27%
mach’s
27%
mal
27%
Männer
27%
nett
27%
neues
27%
oben
27%
passe
27%
Penner
27%
Problem
27%
Problem?
27%
Raucherlungen
27%
rauslassen
27%
reden
27%
regeln
27%
Respekt,
27%
Ruine,
27%
Sache
27%
sehen,
27%
Sekte
27%
Sicht
27%
Spinner
27%
stresst,
27%
trinke
27%
Tut
27%
versucht,
27%
wart
27%
wart,
27%
Welt
27%
Woher
27%
woher
27%
wollt
27%
würdest
27%
also
18%
andere,
18%
brauch
18%
damit,
18%
des
18%
eingesteckt
18%
enttäuscht
18%
eurem
18%
geschafft
18%
Grizzly
18%
jeder
18%
Joint,
18%
Kasse
18%
Keller
18%
lasst
18%
Leichen
18%
lernt
18%
Mitleid
18%
mitzunehmen
18%
Nerven
18%
Rowdy
18%
Rüpel,
18%
sägen
18%
Tritt
18%
unberechenbar,
18%
unerzogen,
18%
Vertraut
18%
werdet
18%
wissen,
18%
bauen
9%
Engel
9%
Ernst
9%
Erstmal
9%
Fresse,
9%
Glotze
9%
grosse
9%
Herz
9%
Lebens?
9%
leise,
9%
Tarzan
9%
durchs
0%
Lampe
0%
schwing
0%
sucht
0%
trauen
0%
vergebens,
0%
Zimmer
0%
No matching quizzes found
Score Distribution
Percent of People with Each Score
Percentile by Number Answered
Your Score History
You have not taken this quiz